| 000 | 00609nam a22002057a 4500 | ||
|---|---|---|---|
| 999 |
_c171760 _d171760 |
||
| 005 | 20200120131903.0 | ||
| 010 | _aB-192471 | ||
| 020 |
_a0070499667 _c795.00 |
||
| 035 | _aB-192471 | ||
| 037 | _bDBAD/PUB. | ||
| 082 |
_a657.044 _bMUK |
||
| 100 | _aHanif,Mohammed | ||
| 245 |
_aModern Accountancy/ _cby Mohammed Hanif [and] Amitabha Mukherjee |
||
| 250 | _a3rd ed. | ||
| 260 |
_aNew Delhi _bMcGraw Hill _c2006 |
||
| 270 |
_a7 West Patel Nagar, _bNew Delhi _e110008 |
||
| 300 |
_axxxv,various paging _c27cm(pbk) _bill. |
||
| 700 | _aAmitabha Mukherjee | ||
| 942 |
_2ddc _cEN _mMUK _h657.044 |
||